| 000 | 00337nam a22001457a 4500 | ||
|---|---|---|---|
| 003 | SGT | ||
| 020 | _a978-93-85891-11-3 | ||
| 082 |
_a610.734 _bC16B |
||
| 100 | _aBASWANATHAPPA, B.T. | ||
| 245 | _aCOMMUNITY HEALTH NURSING OF B.SC | ||
| 260 |
_aINDIA _bJAYPEE _c2016 |
||
| 300 | _a762 | ||
| 650 | _aPSYCHIATRIC | ||
| 942 |
_2ddc _cBK _064 |
||
| 999 |
_c10920 _d10920 |
||